[Event "Perth op"]
[Site "Perth"]
[Date "2023.01.07"]
[Round "8"]
[White "Stewart, Clint"]
[Black "Hurst, Benjamin James"]
[Result "0-1"]
[WhiteElo "1799"]
[BlackElo "1628"]
[PlyCount "36"]
[EventDate "2023.01.02"]
[EventType "swiss"]
[EventRounds "11"]
[EventCountry "AUS"]
[SourceTitle "CBM 212 Extra"]
[Source "ChessBase"]
[SourceDate "2023.03.31"]
[SourceVersion "1"]
[SourceVersionDate "2023.03.31"]
[SourceQuality "1"]

1. f4 d5 2. g3 Nf6 3. Nf3 c5 4. d3 Nc6 5. Bg2 Bf5 6. 0-0 Qb6 7. Kh1 e6 8. Qe1 c4 9. Nc3 d4 10. Nd1 Bb4 11. c3 cxd3 12. cxb4 Nxb4 13. Nxd4 Qxd4 14. Be3 Qd6 15. Rc1 Rd8 16. Bd2 Nc2 17. Qf2 dxe2 18. Rxc2 exf1Q+ 0-1

[Event "Perth op"]
[Site "Perth"]
[Date "2023.01.05"]
[Round "6"]
[White "Stewart, Clint"]
[Black "Arthur, James"]
[Result "0-1"]
[WhiteElo "1799"]
[BlackElo "1534"]
[PlyCount "66"]
[EventDate "2023.01.02"]
[EventType "swiss"]
[EventRounds "11"]
[EventCountry "AUS"]
[SourceTitle "CBM 212 Extra"]
[Source "ChessBase"]
[SourceDate "2023.03.31"]
[SourceVersion "1"]
[SourceVersionDate "2023.03.31"]
[SourceQuality "1"]

1. e4 e6 2. d4 d5 3. Nc3 Nf6 4. e5 Nfd7 5. f4 c5 6. Nf3 Nc6 7. Be3 Be7 8. Be2 0-0 9. 0-0 cxd4 10. Nxd4 Nxd4 11. Bxd4 f6 12. Bg4 Nb6 13. Qe2 f5 14. Bh3 Bd7 15. g4 Be8 16. gxf5 exf5 17. Kh1 Bg6 18. Bg2 Kh8 19. Rae1 Bh4 20. Rd1 Qe8 21. Bxb6 axb6 22. Rxd5 Bf7 23. e6 Qxe6 24. Re5 Qc4 25. Rxf5 Qxe2 26. Nxe2 Bc4 27. Rxf8+ Rxf8 28. Bf3 Re8 29. Rd1 Bxe2 30. Bxe2 Rxe2 31. Rd7 Rxc2 32. Rxb7 h6 33. Rxb6 Bf6 0-1